IFAR winners - Statistics

General Stats
  • This quiz has been taken 4 times
  • The average score is 11 of 28
Answer Stats
Wins Answer % Correct
21 Alexander Gonzalez-Greene
100%
2 Andrew Cruz
75%
2 Gino Bonnoni
75%
12 Jerry Cooke
75%
1 Joshua Clements
75%
1 Kyle Watts
75%
18 Tyler Mallon
75%
1 Cole Rodriguez
50%
6 Joshua Lizasuain
50%
15 Natani Dagenhart
50%
1 Trevor Davis
50%
5 Austin Delgado
25%
5 Blake Kinkennon
25%
2 Cole Baker
25%
8 Dane Stinson
25%
1 Daniel Rivera
25%
11 Dunn LaPradd
25%
1 Flandre Wilson
25%
2 Jeff Dixon II
25%
7 Liam Tingley
25%
1 Ruby Estes
25%
1 Ryan Santana
25%
2 Will Goss
25%
2 Aiden LaCasse
0%
5 Carter Friesen
0%
1 Hoang Do
0%
2 Rudy Valentin
0%
1 Zach Rogers
0%
No matching quizzes found
Score Distribution
Percent of People with Each Score
Percentile by Number Answered
Your Score History
You have not taken this quiz